<?xml version="1.0" encoding="UTF-8"?>
<record
    xmlns:xsi="http://www.w3.org/2001/XMLSchema-instance"
    xsi:schemaLocation="http://www.loc.gov/MARC21/slim http://www.loc.gov/standards/marcxml/schema/MARC21slim.xsd"
    xmlns="http://www.loc.gov/MARC21/slim">

  <leader>01768nam a2200337uu 4500</leader>
  <controlfield tag="001">1425542</controlfield>
  <controlfield tag="005">20260508090129.0</controlfield>
  <controlfield tag="008">151027s2012                        spa  </controlfield>
  <datafield tag="020" ind1=" " ind2=" ">
    <subfield code="a">9788493977238</subfield>
  </datafield>
  <datafield tag="035" ind1=" " ind2=" ">
    <subfield code="a">1425542</subfield>
  </datafield>
  <datafield tag="040" ind1=" " ind2=" ">
    <subfield code="c">comduadb</subfield>
  </datafield>
  <datafield tag="041" ind1=" " ind2=" ">
    <subfield code="a">spa</subfield>
  </datafield>
  <datafield tag="080" ind1=" " ind2=" ">
    <subfield code="a">B/</subfield>
  </datafield>
  <datafield tag="100" ind1="1" ind2="0">
    <subfield code="a">Sfar, Joann</subfield>
    <subfield code="4">aut</subfield>
    <subfield code="e">aut</subfield>
    <subfield code="9">687411</subfield>
  </datafield>
  <datafield tag="245" ind1="1" ind2="0">
    <subfield code="a">Brassens, la libertad</subfield>
  </datafield>
  <datafield tag="250" ind1=" " ind2=" ">
    <subfield code="a">1. edici&#xF3;n</subfield>
  </datafield>
  <datafield tag="260" ind1=" " ind2=" ">
    <subfield code="a">Logro&#xF1;o (Espa&#xF1;a) :</subfield>
    <subfield code="b">Fulgencio Pimentel,</subfield>
    <subfield code="c">2012.</subfield>
  </datafield>
  <datafield tag="300" ind1=" " ind2=" ">
    <subfield code="a">117 p&#xE1;ginas :</subfield>
    <subfield code="b">ilustraciones a color</subfield>
  </datafield>
  <datafield tag="520" ind1="3" ind2=" ">
    <subfield code="a">"Joann Sfar realiz&#xF3; este vadem&#xE9;cum apasionado y a ratos delirante, formado por decenas de ilustraciones y alrededor de ochenta p&#xE1;ginas de puro tebeo que comienzan como una autoparodia, para acabar ahondando en el lado m&#xE1;s &#xED;ntimo del artista galo. Esta edici&#xF3;n aporta adem&#xE1;s las visiones de cuatro periodistas especializados que son como cuatro puntos cardinales de nuestra educaci&#xF3;n musical y sentimental: Juan de Pablos, Dildo de Congost, Patricia Godes y Vicente Fabuel firman respectivamente una introducci&#xF3;n, un irreverente perfil biogr&#xE1;fico y patol&#xF3;gico del artista, un repaso al legado puramente l&#xED;rico de su cancionero y un an&#xE1;lisis de su influencia a este lado de los Pirineos."</subfield>
  </datafield>
  <datafield tag="650" ind1=" " ind2=" ">
    <subfield code="a">Historietas gr&#xE1;ficas</subfield>
    <subfield code="9">29210</subfield>
  </datafield>
  <datafield tag="650" ind1=" " ind2="7">
    <subfield code="a">Tiras c&#xF3;micas, historietas, etc.</subfield>
    <subfield code="2">lemb</subfield>
    <subfield code="9">60870</subfield>
  </datafield>
  <datafield tag="650" ind1=" " ind2=" ">
    <subfield code="a">Caricaturistas franceses</subfield>
    <subfield code="9">38467</subfield>
  </datafield>
  <datafield tag="650" ind1=" " ind2=" ">
    <subfield code="a">Brassens, George, 1921-1981 - Biograf&#xED;a</subfield>
    <subfield code="9">221595</subfield>
  </datafield>
  <datafield tag="700" ind1="1" ind2="0">
    <subfield code="a">Congost, Dildo de</subfield>
    <subfield code="4">aut</subfield>
    <subfield code="e">aut</subfield>
    <subfield code="9">752167</subfield>
  </datafield>
  <datafield tag="700" ind1="1" ind2="0">
    <subfield code="a">Fabuel, Vicente</subfield>
    <subfield code="4">aut</subfield>
    <subfield code="e">aut</subfield>
    <subfield code="9">721713</subfield>
  </datafield>
  <datafield tag="700" ind1="1" ind2="0">
    <subfield code="a">Godes, Patricia</subfield>
    <subfield code="4">aut</subfield>
    <subfield code="e">aut</subfield>
    <subfield code="9">758858</subfield>
  </datafield>
  <datafield tag="700" ind1="1" ind2="0">
    <subfield code="a">Pablos Pons, Juan de</subfield>
    <subfield code="4">aui</subfield>
    <subfield code="e">aui</subfield>
    <subfield code="9">391685</subfield>
  </datafield>
  <datafield tag="700" ind1="1" ind2="0">
    <subfield code="a">Ramo, Jos&#xE9;</subfield>
    <subfield code="4">trl</subfield>
    <subfield code="e">trl</subfield>
    <subfield code="9">721596</subfield>
  </datafield>
  <datafield tag="700" ind1="1" ind2="0">
    <subfield code="a">Ropero, Miguel</subfield>
    <subfield code="4">pht</subfield>
    <subfield code="e">pht</subfield>
    <subfield code="9">740088</subfield>
  </datafield>
  <datafield tag="942" ind1=" " ind2=" ">
    <subfield code="c">BOOK</subfield>
  </datafield>
  <datafield tag="999" ind1=" " ind2=" ">
    <subfield code="c">727430</subfield>
    <subfield code="d">727430</subfield>
  </datafield>
  <datafield tag="952" ind1=" " ind2=" ">
    <subfield code="0">0</subfield>
    <subfield code="1">0</subfield>
    <subfield code="4">0</subfield>
    <subfield code="7">0</subfield>
    <subfield code="8">COBIO</subfield>
    <subfield code="a">BC</subfield>
    <subfield code="b">BC</subfield>
    <subfield code="d">2015-10-27</subfield>
    <subfield code="e">Icaro</subfield>
    <subfield code="g">85000.00</subfield>
    <subfield code="i">C1235296</subfield>
    <subfield code="l">0</subfield>
    <subfield code="o">B B823s</subfield>
    <subfield code="p">1032892</subfield>
    <subfield code="r">2023-11-04 00:00:00</subfield>
    <subfield code="t">1</subfield>
    <subfield code="w">2023-05-03</subfield>
    <subfield code="y">BOOK</subfield>
  </datafield>
</record>
